Footballeurs anglais (par images). - Statistiques

Statistiques générales
  • Ce quiz a été pris 344 fois
  • Le résultat moyen est 12 sur 20
Statistiques - réponses
Par images Réponse % Correct
Harry Kane
100%
Wayne Rooney
99%
David Beckham
94%
Frank Lampard
94%
Steven Gerrard
92%
Rio Ferdinand
87%
Declan Rice
86%
Bobby Charlton
84%
John Terry
77%
Paul Scholes
72%
Michael Owen
64%
Alan Shearer
56%
Bobby Moore
53%
Gary Lineker
46%
Ian Wright
40%
Gordon Banks
26%
Paul Gascoigne
23%
Stanley Matthews
16%
Kevin Keegan
15%
Jimmy Greaves
3%
Aucun quiz correspondant
Distribution des résultats
% des personnes avec chaque résultat
Percentile par nombre de réponses
Votre historique - résultats
Vous n’avez pas pris ce quiz